| 000 | 00586nam a2200193 i 4500 | ||
|---|---|---|---|
| 001 | 135430 | ||
| 003 | ES-MaACL | ||
| 005 | 20240126063013.0 | ||
| 007 | t| | ||
| 008 | 070717s1902 fr ||||1| fre d | ||
| 100 | 1 |
_aTolstói, Lev, _d1828-1910 _9110489 |
|
| 245 | 1 | 0 |
_aPensées de Tolstoï, d'apres les texte russes / _c[préfacé] par Ossip-Lourié. |
| 250 | _a10ª ed. | ||
| 260 |
_aParis : _bF. Lacan, _c1902 ( _fEvreuse Ch. Herissey) |
||
| 300 |
_aXX.,180 p. ; _c19 cm. |
||
| 700 | 1 |
_aOssip-Lourié ( _d1868-1955) _987790 |
|
| 852 |
_aES-MaACL _jF-13301 |
||
| 999 |
_c135430 _d135430 |
||